Torschützenkönige in der Geschichte des SSC Neapel - Statistiken

Allgemein
  • Dieses Quiz wurde 42 mal gespielt
  • Das Durchschnittsergebnis liegt bei 4 aus 10
Antwortstatistiken
Tore Nationalität Spieler % Korrekt
115 Argentinien Diego Armando Maradona
87%
148 Belgien Dries Mertens
87%
121 Slowakei Marek Hamšík
77%
122 Italiem Lorenzo Insigne
73%
104 Uruguay Edinson Cavani
70%
91 Argentinien Gonzalo Higuain
47%
96 Brasilien Careca
7%
103 Kroatien / Italia Antonio Vojak
0%
108 Paraguay / Italien Attila Sallustro
0%
97 Brasilien / Italien José Altafini
0%
Keine übereinstimmenden Quizze gefunden
Verteilung der Resultate
Anzahl Personen mit jedem Resultat
Perzentil nach korrekt beantworteten Fragen
Ihre Resultats-Entwicklung
Sie haben dieses Quiz noch nicht gespielt